Easy General Knowledge #3 - Statistics

General Stats
  • This quiz has been taken 175 times
  • The average score is 9 of 15
Answer Stats
Question Answer % Correct
What planet do we currently live on? Earth
100%
Who wrote the Harry Potter novels? J.K Rowling
96%
Who sang 'Thriller' and 'Billie Jean'? Michael Jackson
94%
Who is 007? James Bond
86%
What lays eggs? A chicken
81%
What do you call something who eats both plants and meat? An omnivore
77%
What is the 1st element of the periodic table? Hydrogen
77%
What character did Robin Williams voice in "Aladdin'? The Genie
60%
What was the highest grossing movie before Avatar? Titanic
59%
Who has won the most Olympic gold medals? Michael Phelps
53%
Speaking of the Olympics, what city hosted the 2012 Olympics? London
52%
What is the negatively charged particle in an atom? Electron
49%
Who created 'Fortnite', and bought 'Rocket League' in May of 2019? Epic Games
26%
What constructor did Sebastian Vettel drive for to win 4 Driver's World Championships? Red Bull
24%
Who is the first (and to date) Australian saint? Mary McKillop
4%
No matching quizzes found
Score Distribution
Percent of People with Each Score
Percentile by Number Answered
Your Score History
You have not taken this quiz